Собрание сочинений. Т. 4: Америка. Чураевка (Запись № 10201153)

Подробности
000 -МАРКЕР
контрольное поле 01797nam2a2200265 4500
001 - ИДЕНТИФИКАТОР ЗАПИСИ
контрольное поле RU\NLR\BIBL_A\010191791
005 - ИДЕНТИФИКАТОР ВЕРСИИ
контрольное поле 20250613221911.0
010 ## - МЕЖДУНАРОДНЫЙ СТАНДАРТНЫЙ НОМЕР КНИГИ (ISBN)
Номер (ISBN) 978-5-906393-08-1
Уточнения т.4
Тираж 2000
021 ## - НОМЕР ГОСУДАРСТВЕННОЙ РЕГИСТРАЦИИ
Код страны Российская Федерация
Номер 2013-103221
Номер Листа государственной регистраци 7170
035 ## - ДРУГИЕ СИСТЕМНЫЕ НОМЕРА
Идентификатор записи (NLR Aleph) 010191791
100 ## - ДАННЫЕ ОБЩЕЙ ОБРАБОТКИ
Данные общей обработки 20140217d2013 |||y0rusy50 ca
101 0# - ЯЗЫК РЕСУРСА
Язык текста, звукозаписи и т.д. русский
102 ## - СТРАНА ПУБЛИКАЦИИ ИЛИ ПРОИЗВОДСТВА
Страна публикации Российская Федерация
105 ## - ПОЛЕ КОДИРОВАННЫХ ДАННЫХ: ТЕКСТОВЫЕ МАТЕРИАЛЫ, МОНОГРАФИЧЕСКИЕ
Кодированные данные о монографическом текстовом документе ao||z||||00ay
200 1# - ЗАГЛАВИЕ И СВЕДЕНИЯ ОБ ОТВЕТСТВЕННОСТИ
Основное заглавие Америка. Чураевка
Первые сведения об ответственности [примеч. Л.Е. Ермаковой и Т.Г. Черняевой]
210 ## - ПУБЛИКАЦИЯ, РАСПРОСТРАНЕНИЕ И ДР.
Дата издания, распространения и т.д. 2013
Место издания, распространения и т.д. Б. м.
215 ## - ФИЗИЧЕСКАЯ ХАРАКТЕРИСТИКА
Специфическое обозначение материала и объем 551 с.
Другие сведения о физической характеристике ил.
320 ## - ПРИМЕЧАНИЯ О НАЛИЧИИ В ДОКУМЕНТЕ БИБЛИОГРАФИИ / УКАЗАТЕЛЯ
Текст примечания Библиогр. в тексте пртмеч.
327 1# - ПРИМЕЧАНИЯ О СОДЕРЖАНИИ
Текст примечания Содерж.: разделы: Художественная проза; Публицистика; Очерки и статьи; Избранные письма (1924-1928)
461 #0 - УРОВЕНЬ НАБОРА
Встроенное поле 001RU\NLR\BIBL_A\010194719
-- 2000#$aСобрание сочинений$eв 6 т.$fГ.Д. Гребенщиков$g[сост., подгот. текста, вступ. ст. Т.Г. Черняевой]$gУпр. Алт. края по культуре и арх. делу, Гос. музей истории лит., искусства и культуры Алтая$vТ. 4
-- 700#1$aГребенщиков$bГ.Д.$gГеоргий Дмитриевич$f1883-1964$3RU\NLR\AUTH\7735651
Системный номер (АБИС) связанной записи 10215757
Автор Гребенщиков, Г. Д. (1883-1964)
Место публикации Барнаул
Дата публикации 2013
Первые сведения об ответственности Г.Д. Гребенщиков
Имя издателя, распространителя и т.д. Барнаул
Сведения, относящиеся к заглавию в 6 т.
Заглавие Собрание сочинений
ISBN 9785906393043
Номер тома Т. 4
942 ## - ДОПОЛНИТЕЛЬНЫЕ ЭЛЕМЕНТЫ ЗАПИСИ (АБИС)
Тип экземпляра АБИС Книга
980 ## - КОЛЛЕКЦИЯ
Название коллекции Национальная библиография
Экземпляры
Тип экземпляра Дата поступления Источник поступления Библиотека постоянного хранения Библиотека текущего хранения Место хранения Шифр хранения Штрих-код Статус экземпляра
Книга 17.02.2014 Обязательный экземпляр РНБ (Московский) РНБ (Московский) Русский книжный фонд: издания с 1957 года 2014-7/780 1-53297  
Книга 17.02.2014 Обязательный экземпляр РНБ (Московский) РНБ (Московский) Русский книжный фонд: издания с 1957 года 2014-7/780 1-53296